Central Library, Doon University
WEBOPAC (ONLINE PUBLIC ACCESS CATALOGUE)

From P2P And Grids to Services on the Web (Record no. 60804)

MARC details
000 -LEADER
fixed length control field 00560nam a22001937a 4500
005 - DATE & TIME
control field 20260515152012.0
008 - FIXED-LENGTH DATA ELEMENTS--GENERAL INFORMATION
fixed length control field 260515b |||||||| |||| 00| 0 eng d
020 ## - ISBN
International Standard Book Number 9781447157618
Price 5290.00
040 ## - CATALOGING SOURCE
Original cataloging agency Doon University
041 ## - Language
Language English
082 ## - DDC NUMBER
Classification number 004.6
Book Number TAY
100 ## - MAIN ENTRY--PERSONAL NAME
Personal name Taylor, Ian J.
245 ## - TITLE STATEMENT
Title From P2P And Grids to Services on the Web
Sub Title : Evolving Distributed Communities
260 ## - PUBLICATION, DISTRIBUTION, ETC. (IMPRINT)
Place of publication, distribution, etc United KIngdom
Name of publisher, distributor, etc Springer
Date of publication, distribution, etc 2009
300 ## - PHYSICAL DESCRIPTION
Pages 462
650 ## - Subject
Subject Computer Science (PM (USHA)
700 ## - Added Entry Personal Name
Added Entry Personal Name Harrison, Andrew
942 ## - ADDED ENTRY ELEMENTS (KOHA)
Koha item type Books
100 ## - MAIN ENTRY--PERSONAL NAME
-- 22810
650 ## - Subject
-- 26808
700 ## - Added Entry Personal Name
-- 22811
952 ## - LOCATION AND ITEM INFORMATION (KOHA)
-- 2026-05-15
Holdings
Withdrawn status Lost status Source of classification or shelving scheme Damaged status Not for loan Location (home branch) Sublocation or collection (holding branch) Date acquired Koha issues (times borrowed) Koha full call number Accession No. Koha date last seen Koha item type
        Not For Loan Doon University Doon University 15.05.2026   004.6 TAY 33162 15.05.2026 Reference
Contact : +91-135-2533126 (Library),+91-135-2533105 (Admin Office) , Email : doonlibrary@gmail.com

Powered by Koha